[Event "LI Festival A"]
[Site "Imperia ITA"]
[Date "2009.09.06"]
[Round "9"]
[White "Movsziszian, Karen"]
[Black "Dolezal, Radoslav jr"]
[WhiteElo "2570"]
[BlackElo "2396"]
[Result "1-0"]
[PlyCount "171"]
[EventDate "2009.08.30"]

1. g3 d5 2. Bg2 c6 3. d3 e5 4. Nf3 Nd7 5. O-O Ngf6 6. c4 dxc4 7. dxc4 Be7 8.
Nc3 O-O 9. Qc2 Qc7 10. b3 Re8 11. h3 a5 12. Rb1 Rb8 13. Bb2 Bf8 14. e3 Nc5 15.
Rfd1 h6 16. a3 Be6 17. Bf1 Nfd7 18. Nd5 Qd8 19. e4 f6 20. Ne3 Na6 21. Kh2 Qc7
22. h4 h5 23. Bh3 Bxh3 24. Kxh3 Rbd8 25. g4 Bc5 26. gxh5 Bxe3 27. fxe3 Nf8 28.
Rg1 Kh7 29. Rg4 Nc5 30. Rbg1 Re7 31. b4 axb4 32. axb4 Nce6 33. Qf2 Rf7 34. Nh2
Kh8 35. Nf1 Rd1 36. R1g2 Qd6 37. c5 Qd7 38. Ng3 Rb1 39. Qf3 Nc7 40. Bc3 Qd1 41.
Qf5 Qd7 42. Qf3 Qd1 43. Qf2 Qb3 44. Be1 Ne8 45. Nf5 Rd1 46. Qg3 Rfd7 47. Rg6
Qc4 48. Rg4 Qb3 49. h6 g6 50. Bf2 Qe6 51. Kh2 Rc7 52. h5 g5 53. Qf3 Rdd7 54.
Be1 Rd3 55. Rb2 Nd7 56. Rgg2 b6 57. Rgc2 Kh7 58. Qe2 Ra3 59. Qd1 b5 60. Rd2 Nf8
61. Kg3 Raa7 62. Kf3 Rd7 63. Rxd7+ Rxd7 64. Qc2 Qf7 65. Kg4 Ne6 66. Qb3 Nd8 67.
Qxf7+ Nxf7 68. Ra2 Nc7 69. Ra7 Nd8 70. Bg3 Nde6 71. Rb7 Rf7 72. Nd6 Rf8 73. Rb6
Nd8 74. Nf5 Rf7 75. Rb8 Rd7 76. Rc8 Nce6 77. Nd6 Kxh6 78. Ne8 Rf7 79. Kf5 Rf8
80. Nxf6 Ng7+ 81. Kg4 Ne8 82. Nd7 Rg8 83. Rxd8 Nf6+ 84. Nxf6 Rxd8 85. Bxe5 Rd3
86. Bd4 1-0

[Event "LI Festival A"]
[Site "Imperia ITA"]
[Date "2009.09.06"]
[Round "9"]
[White "Ornati, Gianmaria"]
[Black "Malano, Francesco"]
[WhiteElo "1906"]
[BlackElo "1900"]
[Result "1-0"]
[PlyCount "47"]
[EventDate "2009.08.30"]

1. d4 d5 2. c4 e6 3. Nc3 c6 4. cxd5 exd5 5. Qc2 Nf6 6. Bg5 Be7 7. e3 O-O 8. Bd3
h6 9. Bh4 Nbd7 10. Nf3 Re8 11. O-O Ne4 12. Bxe7 Qxe7 13. b4 Ng5 14. Nxg5 Qxg5
15. e4 dxe4 16. Nxe4 Qd5 17. Rad1 Qxd4 18. Nd6 Qe5 19. Nxe8 Qxe8 20. Rfe1 Qf8
21. Qe2 Nf6 22. Qe7 Qxe7 23. Rxe7 Nd5 24. Re8# 1-0

[Event "LI Festival A"]
[Site "Imperia ITA"]
[Date "2009.09.06"]
[Round "9"]
[White "Quirico, Paolo"]
[Black "Di Paolo, Raffaele"]
[WhiteElo "2095"]
[BlackElo "2318"]
[Result "1-0"]
[PlyCount "111"]
[EventDate "2009.08.30"]

1. d4 e6 2. Bf4 d5 3. e3 Nf6 4. Nf3 Bd6 5. Ne5 c5 6. Bb5+ Ke7 7. dxc5 Bxc5 8.
O-O Qb6 9. Nc3 Rd8 10. Qe2 a6 11. Bd3 Bd6 12. e4 Qxb2 13. Qe1 d4 14. Nc4 Qxc3
15. Bd2 Qxa1 16. Qxa1 Bc5 17. a4 Nc6 18. Rb1 e5 19. Nb6 Rb8 20. f3 Be6 21. Qb2
h6 22. Qc1 Rg8 23. f4 Rbd8 24. Qe1 Kf8 25. f5 Bc8 26. Kh1 Be7 27. Qg3 Re8 28.
Qf3 Rd8 29. h3 Bc5 30. a5 Bxb6 31. Rxb6 Ke7 32. Qg3 Kf8 33. Qh4 Ke7 34. Qe1 Nd7
35. Rb1 Nf6 36. Rb3 Ne8 37. Rb6 Nd6 38. Qb1 Bd7 39. Bb4 Nxb4 40. Qxb4 Bc6 41.
c3 dxc3 42. Qxc3 f6 43. Qb3 Kd7 44. Bc2 Kc7 45. Qc3 Nb5 46. Qc5 Rd6 47. Ba4 Nd4
48. Rb1 Rd7 49. Qb6+ Kc8 50. Rc1 Rd6 51. Bxc6 Nxc6 52. Rc5 Kd7 53. Qb3 Nd8 54.
Qxg8 Rd1+ 55. Kh2 Kd6 56. Qxd8+ 1-0

[Event "LI Festival A"]
[Site "Imperia ITA"]
[Date "2009.09.06"]
[Round "9"]
[White "Reznicek, Tomas"]
[Black "Okhotnik, Vladimir"]
[WhiteElo "2272"]
[BlackElo "2449"]
[Result "0-1"]
[PlyCount "56"]
[EventDate "2009.08.30"]

1. e4 c5 2. Nf3 e6 3. d3 Nc6 4. Be2 d5 5. O-O g6 6. exd5 exd5 7. Re1 Bg7 8. c3
Nge7 9. Nbd2 O-O 10. Nf1 h6 11. Bd2 Kh7 12. Qc2 b5 13. a4 b4 14. d4 bxc3 15.
bxc3 cxd4 16. cxd4 Nxd4 17. Nxd4 Bxd4 18. Rad1 Bg7 19. Bb4 Be6 20. Qc1 a5 21.
Bc5 Rc8 22. Qa3 Bb2 23. Qxb2 Rxc5 24. Ne3 Nc6 25. Bb5 Nb4 26. f4 Qc8 27. Rd2
Rc3 28. Qb1 Qc5 0-1

[Event "LI Festival A"]
[Site "Imperia ITA"]
[Date "2009.09.06"]
[Round "9"]
[White "Sarno, Spartaco"]
[Black "Salvador, Roland"]
[WhiteElo "2324"]
[BlackElo "2447"]
[Result "0-1"]
[PlyCount "106"]
[EventDate "2009.08.30"]

1. c4 e5 2. Nc3 Nf6 3. Nf3 Nc6 4. g3 Nd4 5. Bg2 Nxf3+ 6. Bxf3 Bc5 7. e3 O-O 8.
O-O Re8 9. d4 Bb4 10. dxe5 Bxc3 11. exf6 Bxf6 12. Qc2 d6 13. Rd1 c6 14. Bd2 Be5
15. Bc3 Qf6 16. Bg2 Bf5 17. Qb3 Bxc3 18. bxc3 Re7 19. Rd2 Bg4 20. Qa3 Rd7 21.
Rd4 h5 22. h3 Be6 23. Rad1 Qe7 24. Qb2 Rad8 25. Qe2 g6 26. Qf3 Qg5 27. Qf4 Qc5
28. g4 Kg7 29. g5 Qa3 30. Qf6+ Kg8 31. Rh4 Qxa2 32. Bf3 Qc2 33. e4 Bxc4 34. Rd4
Be2 35. Rf4 c5 36. Bxe2 Qxe2 37. Rxd6 Qc4 38. Rxd7 Rxd7 39. Qe5 Qe6 40. Qxe6
fxe6 41. Rf6 Rd6 42. e5 Rb6 43. Rxg6+ Kh7 44. Rf6 a5 45. Rf4 Kg6 46. Kg2 Ra6
47. Kg3 a4 48. Rf6+ Kg7 49. g6 a3 50. Kf4 a2 51. Kg5 a1=Q 52. Rf7+ Kg8 53. Kf6
Qc1 0-1

[Event "LI Festival A"]
[Site "Imperia ITA"]
[Date "2009.09.06"]
[Round "9"]
[White "Schaefer, Michael"]
[Black "Payen, Arnaud"]
[WhiteElo "2157"]
[BlackElo "2368"]
[Result "1/2-1/2"]
[PlyCount "20"]
[EventDate "2009.08.30"]

1. c4 e6 2. Nf3 f5 3. g3 Nf6 4. Bg2 d5 5. O-O Bd6 6. b3 O-O 7. Ba3 Bxa3 8. Nxa3
Qe7 9. Qc1 c6 10. Qb2 b6 1/2-1/2

[Event "LI Festival A"]
[Site "Imperia ITA"]
[Date "2009.09.06"]
[Round "9"]
[White "Spinelli, Doriano"]
[Black "Gioseffi, Massimiliano"]
[WhiteElo "2115"]
[BlackElo "2110"]
[Result "1-0"]
[PlyCount "111"]
[EventDate "2009.08.30"]

1. e4 c5 2. Nc3 e6 3. g3 Nc6 4. Bg2 g6 5. d3 Bg7 6. Be3 d6 7. f4 Nge7 8. Nf3
Nd4 9. O-O O-O 10. e5 Nxf3+ 11. Bxf3 dxe5 12. fxe5 Qc7 13. Ne4 Bxe5 14. Nxc5
Nf5 15. Bf2 Bxb2 16. Ne4 Nd6 17. Nxd6 Qxd6 18. Rb1 Bd4 19. Bxb7 Bxb7 20. Rxb7
Qd5 21. Qb1 Qd6 22. Qb4 Qxb4 23. Rxb4 Bxf2+ 24. Kxf2 Rac8 25. c4 Rc7 26. Rfb1
Rd8 27. Rb8 Rxb8 28. Rxb8+ Kg7 29. Ke3 h5 30. Rb5 Kf6 31. a4 Ke7 32. a5 Kd6 33.
Kd4 Rd7 34. Kc3 Kc6 35. d4 Rd6 36. a6 Rd7 37. Rb8 Re7 38. Kd3 Rd7 39. Ke4 Kc7
40. Rb2 Kc6 41. Rb3 Kd6 42. Rb5 f6 43. c5+ Kc6 44. Rb8 h4 45. Re8 e5 46. Re6+
Kb5 47. dxe5 hxg3 48. hxg3 fxe5 49. c6 Rc7 50. Kxe5 Kxa6 51. Kd5 Kb5 52. Re1 a5
53. Rb1+ Ka6 54. Kd6 Rc8 55. c7 Rf8 56. Rb8 1-0

[Event "LI Festival A"]
[Site "Imperia ITA"]
[Date "2009.09.06"]
[Round "9"]
[White "Vuelban, Virgilio"]
[Black "Molina, Fabrizio"]
[WhiteElo "2404"]
[BlackElo "2245"]
[Result "0-1"]
[PlyCount "61"]
[EventDate "2009.08.30"]

1. e4 e6 2. d4 d5 3. Nc3 Nf6 4. Bg5 Be7 5. e5 Nfd7 6. Bxe7 Qxe7 7. f4 a6 8. Nf3
c5 9. dxc5 Nc6 10. Bd3 Nxc5 11. O-O b5 12. a3 Bd7 13. Qd2 Nxd3 14. cxd3 O-O 15.
d4 a5 16. Nd1 f6 17. Nf2 Be8 18. Rfc1 fxe5 19. Nxe5 Nxe5 20. fxe5 Bg6 21. Rc5
Rf7 22. Rxb5 Raf8 23. Rf1 Qh4 24. Rxa5 Be4 25. Qe3 Qg4 26. Qg3 Rxf2 27. Qxf2
Rxf2 28. Rxf2 Qd1+ 29. Rf1 Qxd4+ 30. Kh1 Bxg2+ 31. Kxg2 0-1

[Event "LI Festival B"]
[Site "Imperia ITA"]
[Date "2009.08.30"]
[Round "1"]
[White "Allegretti, Luigi"]
[Black "Berutti, Mario"]
[WhiteElo "1908"]
[BlackElo "1718"]
[Result "0-1"]
[PlyCount "72"]
[EventDate "2009.08.30"]

1. d4 d5 2. Nf3 f5 3. Ne5 Nf6 4. Bg5 e6 5. e3 Bd6 6. Nd2 O-O 7. Bd3 Nbd7 8.
Nxd7 Bxd7 9. O-O Qe8 10. Bf4 Ne4 11. Nf3 Qh5 12. Ne5 Qxd1 13. Raxd1 Be8 14. f3
g5 15. fxe4 gxf4 16. exf5 fxe3 17. g3 exf5 18. Rxf5 Rxf5 19. Bxf5 Bb5 20. Be6+
Kg7 21. Bxd5 Bxe5 22. c4 e2 23. Re1 Bxd4+ 24. Kg2 Bd7 25. Rxe2 Re8 26. Rd2 c5
27. b3 b5 28. Kf3 Bc3 29. Rd3 b4 30. Be4 Bh3 31. Bd5 Rf8+ 32. Ke3 Bd4+ 33. Kd2
Rf2+ 34. Kc1 Bg4 35. Be4 Rxa2 36. h4 Be2 0-1

[Event "LI Festival B"]
[Site "Imperia ITA"]
[Date "2009.08.30"]
[Round "1"]
[White "Badano, Fabio"]
[Black "Roure Ripoll, Antoni"]
[WhiteElo "1799"]
[BlackElo "1965"]
[Result "0-1"]
[PlyCount "54"]
[EventDate "2009.08.30"]

1. e4 c6 2. d4 d5 3. e5 Bf5 4. Nc3 e6 5. g4 Bg6 6. Nge2 h6 7. h4 c5 8. dxc5
Bxc5 9. Nf4 Ne7 10. Bg2 Nbc6 11. Qe2 Nd4 12. Qf1 Nxc2+ 13. Kd2 Nd4 14. Nxg6
Nxg6 15. f4 Nxh4 16. Ne2 Qa5+ 17. Kd1 Nxg2 18. Nxd4 Bxd4 19. Qxg2 Kd7 20. Bd2
Qa4+ 21. Ke2 Bxb2 22. Rab1 Qc4+ 23. Kf3 Qd4 24. Rhe1 b6 25. Qe2 Ba3 26. Qb5+
Kd8 27. Qc6 Rc8 0-1

[Event "LI Festival B"]
[Site "Imperia ITA"]
[Date "2009.08.30"]
[Round "1"]
[White "De Luca, Fabio"]
[Black "Levato, Biagio"]
[WhiteElo "1800"]
[BlackElo "1522"]
[Result "1-0"]
[PlyCount "79"]
[EventDate "2009.08.30"]

1. e4 c5 2. d4 cxd4 3. c3 e5 4. cxd4 exd4 5. Qxd4 Qc7 6. Nc3 Nf6 7. Bg5 Nc6 8.
Nb5 Qb8 9. Qe3 Bb4+ 10. Nc3 Qe5 11. Bxf6 Qxf6 12. Rc1 O-O 13. Nf3 Re8 14. Bc4
Ne7 15. O-O b6 16. e5 Qc6 17. Qd4 Rf8 18. Bxf7+ Rxf7 19. Qxb4 Bb7 20. Nb5 Qg6
21. Nh4 Qg5 22. Nd6 Rf4 23. Qd2 Qxh4 24. Nxb7 Rd4 25. Qe3 Rf8 26. Nd6 Nc6 27.
Qb3+ Kh8 28. Nf7+ Rxf7 29. Qxf7 Qe7 30. Qxe7 Nxe7 31. Rfd1 Rxd1+ 32. Rxd1 Kg8
33. Rxd7 Nc6 34. e6 Kf8 35. Rc7 Nd4 36. e7+ Ke8 37. Rxa7 Nc6 38. Rb7 Nxe7 39.
Rxb6 Kd8 40. a4 1-0

[Event "LI Festival B"]
[Site "Imperia ITA"]
[Date "2009.08.30"]
[Round "1"]
[White "Di Dario, Dario"]
[Black "Ruggeri, Claudio"]
[WhiteElo "1713"]
[BlackElo "1897"]
[Result "1/2-1/2"]
[PlyCount "127"]
[EventDate "2009.08.30"]

1. d4 e6 2. c4 Nf6 3. Nc3 Bb4 4. Qc2 c5 5. Nf3 Nc6 6. e3 cxd4 7. exd4 O-O 8.
Bd3 Re8 9. O-O Bd6 10. Ne4 Be7 11. a3 h6 12. Bd2 Qc7 13. Bc3 d5 14. Nxf6+ Bxf6
15. c5 b6 16. b4 Bb7 17. b5 Ne7 18. c6 Bc8 19. Rfe1 a6 20. a4 a5 21. Ne5 Kf8
22. Re2 Ng8 23. Rae1 Bg5 24. g3 Ne7 25. f4 Bf6 26. Bb2 g6 27. Ba3 Kg7 28. Ng4
Bxd4+ 29. Kh1 Nf5 30. Bxf5 gxf5 31. Ne3 Rg8 32. Bb2 Bxb2 33. Qxb2+ Kh7 34. Nc2
Qd6 35. Nd4 Ra7 36. Nf3 Rg7 37. Rg2 Rc7 38. Ne5 f6 39. Nf3 Rgf7 40. Nh4 Rg7 41.
Qxf6 Qb4 42. Qa1 Rg4 43. Nf3 Rgg7 44. Nd4 Rce7 45. Rge2 Qd6 46. Qa2 Qb4 47. Qa1
Qd6 48. Rb1 Kg8 49. Qc3 Kh7 50. Rc1 Rc7 51. Qb3 Rcf7 52. Rce1 Rc7 53. Nxe6 Bxe6
54. Rxe6 Qb4 55. Qd3 Rgf7 56. Qc2 d4 57. Rd1 Qa3 58. Rxd4 Qf3+ 59. Qg2 Qc3 60.
Red6 Rce7 61. Rd1 Re1+ 62. Rxe1 Qxe1+ 63. Qg1 Qe4+ 64. Qg2 1/2-1/2

[Event "LI Festival B"]
[Site "Imperia ITA"]
[Date "2009.08.30"]
[Round "1"]
[White "Hadamard, Olivier"]
[Black "Squara, Marco"]
[WhiteElo "1834"]
[BlackElo "1664"]
[Result "0-1"]
[PlyCount "100"]
[EventDate "2009.08.30"]

1. d4 Nf6 2. c4 e6 3. Nc3 Bb4 4. Qc2 O-O 5. e3 d5 6. Nf3 Nbd7 7. Bd3 dxc4 8.
Bxc4 Nd5 9. O-O N7f6 10. Bd3 Nxc3 11. bxc3 Be7 12. e4 g6 13. Bh6 Re8 14. Rab1
b6 15. Ne5 Bf8 16. Bg5 h6 17. Be3 Bb7 18. f3 Bg7 19. Qd2 h5 20. Bh6 Qe7 21.
Bxg7 Kxg7 22. Bb5 Rh8 23. Bc6 Bxc6 24. Nxc6 Qe8 25. Nb4 c5 26. Nc2 cxd4 27.
cxd4 Rc8 28. Rfd1 Qa4 29. Ne3 Rhd8 30. Qb2 Qe8 31. Rd2 Nd7 32. Rbd1 Kg8 33. d5
exd5 34. Nxd5 Qf8 35. Qd4 Re8 36. Qa4 Qc5+ 37. Kh1 b5 38. Qb3 Re6 39. g3 Ne5
40. Kg2 Nc4 41. Rd3 Ra6 42. Qb1 Rac6 43. Qa1 Qd6 44. Nb4 Ne3+ 45. Kh1 Qxd3 46.
Nxc6 Nxd1 47. Ne7+ Kh7 48. Kg1 Qe3+ 49. Kg2 Rc2+ 50. Kh3 Qxf3 0-1

[Event "LI Festival B"]
[Site "Imperia ITA"]
[Date "2009.08.30"]
[Round "1"]
[White "Kofler, Oswald"]
[Black "Gattiglio, Maurizio"]
[WhiteElo "1987"]
[BlackElo "1800"]
[Result "1-0"]
[PlyCount "33"]
[EventDate "2009.08.30"]

1. e4 d6 2. d4 Nf6 3. Bd3 e5 4. c3 d5 5. Bg5 dxe4 6. Bxe4 h6 7. Bxf6 Qxf6 8.
Nf3 exd4 9. Qxd4 Nd7 10. O-O Bc5 11. Qa4 O-O 12. Nbd2 c6 13. Bc2 Ne5 14. Nxe5
Qxe5 15. Rfe1 Qh5 16. Nf3 Bf5 17. Re5 1-0

[Event "LI Festival B"]
[Site "Imperia ITA"]
[Date "2009.08.30"]
[Round "1"]
[White "Rampini, Carlo"]
[Black "Magini, Maurizio"]
[WhiteElo "1817"]
[BlackElo "1637"]
[Result "1/2-1/2"]
[PlyCount "47"]
[EventDate "2009.08.30"]

1. e4 e6 2. d4 d5 3. Nc3 dxe4 4. Nxe4 Nd7 5. Nf3 Be7 6. Bd3 Ngf6 7. Ng3 b6 8.
Bb5 O-O 9. Bc6 Rb8 10. c3 Bb7 11. Ba4 c5 12. Bc2 Bxf3 13. gxf3 cxd4 14. cxd4
Bb4+ 15. Kf1 Nd5 16. h4 Be7 17. h5 Bg5 18. Qd3 f5 19. Ne2 Bxc1 20. Rxc1 Qe7 21.
a3 Rbc8 22. f4 N7f6 23. Re1 Rc6 24. Ba4 1/2-1/2

[Event "LI Festival B"]
[Site "Imperia ITA"]
[Date "2009.08.30"]
[Round "1"]
[White "Ratti, Marco"]
[Black "Pesce, Leandro"]
[WhiteElo "1922"]
[BlackElo "1733"]
[Result "1-0"]
[PlyCount "131"]
[EventDate "2009.08.30"]

1. d4 Nf6 2. c4 c5 3. d5 d6 4. Nc3 e6 5. e4 exd5 6. cxd5 Nbd7 7. Nf3 g6 8. Bd3
Bg7 9. Bf4 Ne5 10. Nxe5 dxe5 11. Bxe5 O-O 12. O-O Re8 13. Bf4 Ng4 14. h3 Ne5
15. Bb5 Bd7 16. Be2 a6 17. Be3 c4 18. f4 Nd3 19. Bxd3 cxd3 20. Qxd3 Bxc3 21.
bxc3 Bb5 22. c4 Bd7 23. Qd4 Qe7 24. e5 Rad8 25. Bf2 h5 26. Rac1 Qa3 27. Qb6 Rb8
28. Qf6 Bf5 29. Bd4 Qe7 30. Qxe7 Rxe7 31. Bc5 Rd7 32. Bd6 Rc8 33. c5 Rdd8 34.
Rfd1 Bd7 35. Rd4 Be8 36. Rb4 b5 37. c6 Bd7 38. Rc5 Bf5 39. Be7 Re8 40. d6 Ra8
41. Bf6 Rec8 42. Kf2 Rab8 43. Ke3 Rb6 44. c7 Bd7 45. a4 Kf8 46. a5 Rc6 47. Rxc6
Bxc6 48. g4 hxg4 49. hxg4 Bd7 50. g5 Ke8 51. Kd4 Be6 52. Kc5 Kd7 53. Kb6 Ra8
54. Rd4 Bg4 55. Rd3 Bf5 56. Rd2 Be4 57. Rh2 Bf5 58. Re2 Be6 59. Re3 Bd5 60. Rd3
Bc4 61. Rc3 Bd5 62. Kc5 Be4 63. Rh3 Bb7 64. Rh7 Ke6 65. Rxf7 Kxf7 66. d7 1-0

[Event "LI Festival B"]
[Site "Imperia ITA"]
[Date "2009.08.30"]
[Round "1"]
[White "Restifo, Katiuscia"]
[Black "Badano, Giancarlo"]
[WhiteElo "1779"]
[BlackElo "1957"]
[Result "1/2-1/2"]
[PlyCount "98"]
[EventDate "2009.08.30"]

1. d4 e6 2. Nf3 d5 3. e3 Nf6 4. Bd3 c5 5. b3 Nc6 6. O-O Be7 7. Bb2 O-O 8. Nbd2
Nb4 9. Be2 b6 10. a3 Nc6 11. Bd3 Bb7 12. Ne5 Nxe5 13. dxe5 Ne4 14. Qh5 g6 15.
Qe2 Nxd2 16. Qxd2 Rc8 17. Qe2 Qc7 18. c4 Rfd8 19. Rad1 dxc4 20. Bxc4 Rxd1 21.
Rxd1 Rd8 22. Rxd8+ Qxd8 23. e4 Bc6 24. a4 Bg5 25. Qd3 Qxd3 26. Bxd3 Kf8 27. g3
Ke8 28. Kf1 Kd7 29. Ke2 Kc7 30. f4 Be7 31. g4 Kb7 32. f5 a6 33. f6 Bf8 34. g5
b5 35. a5 c4 36. bxc4 bxc4 37. Bxc4 Bb4 38. Kd3 Bxa5 39. Bc3 Bxc3 40. Kxc3 Bd7
41. Kb4 Kb6 42. Bxa6 Bc6 43. Bc8 Be8 44. h3 Kc6 45. Kc4 Kb6 46. Kb4 Kc6 47. Ba6
Kb6 48. Bc4 Bd7 49. Bd3 Bc6 1/2-1/2

[Event "LI Festival B"]
[Site "Imperia ITA"]
[Date "2009.08.30"]
[Round "1"]
[White "Spirito, Luca"]
[Black "Buzio, Alberto"]
[WhiteElo "1721"]
[BlackElo "1915"]
[Result "0-1"]
[PlyCount "78"]
[EventDate "2009.08.30"]

1. d4 Nf6 2. Nf3 g6 3. Nbd2 d5 4. e3 Bg7 5. Bd3 Bg4 6. c3 Nbd7 7. e4 dxe4 8.
Nxe4 c6 9. h3 Bxf3 10. Qxf3 O-O 11. Bg5 Nxe4 12. Bxe4 Nf6 13. O-O Qa5 14. h4
Rfe8 15. a3 Nxe4 16. Qxe4 e5 17. dxe5 Rxe5 18. Qf3 Rae8 19. Rfd1 Rf5 20. Qd3
Rd5 21. Qh3 Qb5 22. Rxd5 Qxd5 23. Qg4 f5 24. Qd1 Qe6 25. h5 h6 26. Be3 g5 27.
Bxa7 Bf6 28. Bc5 Rd8 29. Qe1 Qf7 30. Qe2 g4 31. Re1 Rd5 32. Be7 Re5 33. Qd2
Rxe1+ 34. Qxe1 Qxe7 35. Qd2 Kg7 36. Kf1 Qe6 37. Qd3 Qd5 38. Qe2 Be5 39. g3 Qh1#
0-1

[Event "LI Festival B"]
[Site "Imperia ITA"]
[Date "2009.08.30"]
[Round "1"]
[White "Tripaglia, Demo"]
[Black "Carrai, Giacomo"]
[WhiteElo "1604"]
[BlackElo "1816"]
[Result "0-1"]
[PlyCount "56"]
[EventDate "2009.08.30"]

1. d4 Nf6 2. e3 g6 3. c4 Bg7 4. Bd3 O-O 5. Nf3 d5 6. Nc3 c6 7. O-O Nbd7 8. b3
a6 9. Re1 b5 10. c5 Re8 11. e4 dxe4 12. Nxe4 Nd5 13. Bb2 f5 14. Rb1 fxe4 15.
Bxe4 N7f6 16. Bc2 Bg4 17. h3 Bxf3 18. Qxf3 Qc7 19. a3 Rf8 20. Qe2 Qd7 21. b4 a5
22. Bb3 Kh8 23. Bxd5 Nxd5 24. Rbd1 axb4 25. axb4 Qf5 26. Bc1 Nc3 27. Qd3 Nxd1
28. Qxd1 Qxf2+ 0-1

[Event "LI Festival C"]
[Site "Imperia ITA"]
[Date "2009.08.06"]
[Round "8"]
[White "Borello, Paola"]
[Black "Bajada, Giacomo"]
[WhiteElo "1309"]
[BlackElo "1571"]
[Result "0-1"]
[PlyCount "84"]
[EventDate "2009.08.30"]

1. e4 c5 2. Nc3 d6 3. d3 g6 4. Bd2 Bg7 5. Qc1 Nc6 6. f4 e6 7. g3 a6 8. Nf3 b5
9. Bg2 Bb7 10. O-O b4 11. Nd1 Nce7 12. c3 Qb6 13. c4 a5 14. e5 Nf5 15. Nf2 dxe5
16. fxe5 Nd4 17. Qd1 Ne7 18. Ng4 Nef5 19. Bg5 O-O 20. Nf6+ Bxf6 21. Bxf6 h6 22.
Qd2 Nxf3+ 23. Bxf3 Kh7 24. Bxb7 Qxb7 25. Kf2 Qd7 26. Rh1 Qd4+ 27. Kg2 Ne3+ 28.
Kf3 Ng4 29. Be7 Nxe5+ 30. Ke2 Rg8 31. Bf6 Qg4+ 32. Ke1 Nf3+ 33. Kd1 Nxd2+ 34.
Kxd2 Ra7 35. Raf1 e5 36. Bxe5 Rd8 37. Rf6 Qd7 38. Rd6 Qc8 39. Rf6 Rad7 40. Rhf1
Qb7 41. Ke2 Kg8 42. h4 42... Re8 {...} 0-1

[Event "LI Festival U14"]
[Site "Imperia ITA"]
[Date "2009.09.05"]
[Round "7"]
[White "Faggionato, Gualtiero"]
[Black "Passino, Matteo"]
[WhiteElo "1275"]
[BlackElo "1332"]
[Result "0-1"]
[PlyCount "140"]
[EventDate "2009.08.30"]

1. e4 e5 2. Nf3 Nc6 3. Nc3 Nf6 4. Bb5 Bb4 5. d3 d6 6. Bg5 Bd7 7. O-O a6 8. Bxc6
Bxc6 9. a3 Bxc3 10. bxc3 h6 11. Be3 d5 12. exd5 Nxd5 13. Nxe5 Nxc3 14. Qf3 Bxf3
15. Nxf3 Nd5 16. Rfe1 Nxe3 17. Rxe3+ Kd7 18. Ne5+ Kd6 19. Nxf7+ Kd7 20. Nxd8
Kxd8 21. Rb1 b5 22. c4 Rb8 23. g3 Kd7 24. a4 bxa4 25. Rxb8 Rxb8 26. d4 Rb4 27.
Rc3 Kd6 28. d5 Kc5 29. Rf3 c6 30. dxc6 Kxc6 31. Rc3 Kc5 32. Re3 Rxc4 33. f4 Kb4
34. h4 Rc3 35. Re4+ Kb3 36. g4 Rg3+ 37. Kf2 Rxg4 38. h5 a3 39. Kf3 Rh4 40. Re3+
Kb2 41. Re2+ Kb3 42. Kg3 Rxh5 43. Kg4 Rc5 44. Re3+ Rc3 45. Re2 a2 46. Re7 g5
47. f5 a1=Q 48. f6 Rf3 49. f7 Rxf7 50. Rxf7 a5 51. Rf3+ Kb2 52. Rf2+ Ka3 53.
Rf3+ Kb4 54. Kh5 Qd1 55. Kg4 Qxf3+ 56. Kxf3 a4 57. Ke2 a3 58. Kd2 a2 59. Kc2
a1=Q 60. Kd3 h5 61. Ke3 Qf1 62. Ke4 h4 63. Ke5 h3 64. Ke6 h2 65. Ke5 h1=R 66.
Ke6 Qb5 67. Kf6 Rh6+ 68. Kg7 Ra6 69. Kf7 Qb7+ 70. Ke8 Ra8# 0-1

[Event "XI Festival A"]
[Site "Trieste ITA"]
[Date "2009.08.30"]
[Round "1"]
[White "Baklan, Vladimir"]
[Black "Tonon, Alessandro"]
[Result "1-0"]
[WhiteElo "2639"]
[BlackElo "2248"]
[PlyCount "83"]
[EventDate "2009.08.30"]

1. e4 c5 2. Nf3 e6 3. Nc3 Nc6 4. g3 Nf6 5. Bg2 Be7 6. O-O d6 7. d4 cxd4 8. Nxd4
Bd7 9. Nb3 O-O 10. Kh1 a6 11. f4 b5 12. a3 Rc8 13. g4 Na5 14. g5 Ne8 15. Nxa5
Qxa5 16. Qe1 b4 17. Na2 Qc7 18. axb4 Qxc2 19. Nc3 d5 20. exd5 Bxb4 21. Rf2 Qb3
22. dxe6 Bxe6 23. f5 Bc4 24. f6 Nd6 25. Bf4 Nb5 26. Bd2 Rfe8 27. Qc1 Nd4 28.
fxg7 Bd3 29. Qd1 Qxd1+ 30. Rxd1 Bc2 31. Rg1 Bd3 32. Bd5 Ne6 33. Re1 Kxg7 34. h4
Bc4 35. Bg2 Red8 36. Ne4 Bxd2 37. Nxd2 Rd4 38. Re4 Rxe4 39. Nxe4 Bd5 40. Nd6
Bxg2+ 41. Kxg2 Rc7 42. Ne8+ 1-0

[Event "XI Festival A"]
[Site "Trieste ITA"]
[Date "2009.08.30"]
[Round "1"]
[White "Genocchio, Daniele"]
[Black "Varini, Massimo"]
[Result "1-0"]
[WhiteElo "2455"]
[BlackElo "2084"]
[PlyCount "61"]
[EventDate "2009.08.30"]

1. e4 e6 2. d4 d5 3. Nc3 Bb4 4. Nge2 dxe4 5. a3 Be7 6. Nxe4 Nf6 7. Nxf6+ Bxf6
8. Be3 O-O 9. Qd2 b6 10. O-O-O Bb7 11. Rg1 Nd7 12. g4 c5 13. g5 Be7 14. h4 Rc8
15. h5 cxd4 16. Bxd4 Nc5 17. Qe3 Qd5 18. Nc3 Qf3 19. Qe5 f6 20. Qe1 fxg5 21.
Kb1 Qf5 22. Rg3 Bf6 23. Bh3 Qf4 24. Ne2 Qh4 25. b4 Ne4 26. Bxe6+ Kh8 27. Rh3
Bxd4 28. Rxh4 Bxf2 29. Bxc8 Bxe1 30. Bxb7 Bxh4 31. Bxe4 1-0

[Event "XI Festival A"]
[Site "Trieste ITA"]
[Date "2009.08.30"]
[Round "1"]
[White "Jacob, Volker"]
[Black "Fedorchuk, Sergey A."]
[Result "0-1"]
[WhiteElo "2257"]
[BlackElo "2655"]
[PlyCount "42"]
[EventDate "2009.08.30"]

1. d4 Nf6 2. c4 e6 3. Nc3 Bb4 4. Bg5 h6 5. Bh4 c5 6. d5 d6 7. e3 g5 8. Bg3 Ne4
9. Nge2 h5 10. f3 Nxg3 11. hxg3 exd5 12. a3 Ba5 13. b4 cxb4 14. axb4 Bxb4 15.
Qd4 f6 16. cxd5 a5 17. Kf2 Nd7 18. Nb5 Kf7 19. f4 Nc5 20. Qc4 Qe7 21. Nec3 Bf5
0-1

[Event "XI Festival A"]
[Site "Trieste ITA"]
[Date "2009.08.30"]
[Round "1"]
[White "Laco, Giuseppe"]
[Black "Kovchan, Alexander"]
[Result "0-1"]
[WhiteElo "2135"]
[BlackElo "2554"]
[PlyCount "56"]
[EventDate "2009.08.30"]

1. c4 e5 2. Nc3 c5 3. d3 Nc6 4. f4 d6 5. g3 g6 6. Bg2 Bg7 7. Bxc6+ bxc6 8. Qa4
Ne7 9. fxe5 Bxe5 10. Nf3 Bg7 11. h3 O-O 12. g4 d5 13. Bf4 h6 14. O-O-O g5 15.
Bd2 f5 16. gxf5 Bxf5 17. Rdg1 Qd6 18. Nxg5 hxg5 19. cxd5 cxd5 20. Rxg5 d4 21.
Rhg1 Rf7 22. Ne4 Bxe4 23. dxe4 Qe6 24. e3 Raf8 25. R1g4 d3 26. Bc3 Rf1+ 27. Kd2
R8f2+ 28. Kxd3 Rd1+ 0-1

[Event "XI Festival A"]
[Site "Trieste ITA"]
[Date "2009.08.30"]
[Round "1"]
[White "Lenic, Luka"]
[Black "Egartner, Wolfgang"]
[Result "1-0"]
[WhiteElo "2565"]
[BlackElo "2153"]
[PlyCount "63"]
[EventDate "2009.08.30"]

1. d4 d5 2. c4 c6 3. Nf3 Nf6 4. e3 a6 5. Qc2 e6 6. Nbd2 Nbd7 7. b3 c5 8. Bd3
dxc4 9. bxc4 Qc7 10. O-O h6 11. Bb2 cxd4 12. exd4 Be7 13. Rfe1 O-O 14. Rac1 b6
15. Qb3 Bb7 16. Bb1 Rfe8 17. Qc2 Nf8 18. Ne5 N6d7 19. Ndf3 Nxe5 20. Nxe5 Bd6
21. h3 Rac8 22. Qb3 Qd8 23. Re3 b5 24. cxb5 Rxc1+ 25. Bxc1 Bxe5 26. dxe5 axb5
27. Rg3 Kh8 28. Kh2 Qd5 29. Bxh6 g6 30. Qe3 Nd7 31. Qf4 Qxe5 32. Qxf7 1-0

[Event "XI Festival A"]
[Site "Trieste ITA"]
[Date "2009.08.30"]
[Round "1"]
[White "Mikhalevski, Victor"]
[Black "Kragelj, Igor"]
[Result "1-0"]
[WhiteElo "2631"]
[BlackElo "2232"]
[PlyCount "127"]
[EventDate "2009.08.30"]

1. d4 Nf6 2. c4 e6 3. g3 d5 4. Nf3 dxc4 5. Bg2 Nc6 6. Qa4 Bb4+ 7. Bd2 Nd5 8.
Bxb4 Ndxb4 9. O-O Rb8 10. Na3 O-O 11. Qb5 b6 12. Qxc4 Ba6 13. Nb5 Qd5 14. Qxd5
Nxd5 15. a4 Rbd8 16. Rfc1 Bb7 17. e3 a6 18. Nxc7 Nxc7 19. Ne5 Nxd4 20. Rxc7
Bxg2 21. Kxg2 f6 22. Nc6 Nxc6 23. Rxc6 Rb8 24. Rd1 e5 25. Rdd6 a5 26. g4 b5 27.
axb5 Rxb5 28. Rc7 Kh8 29. Rdd7 Rg8 30. Rb7 Rxb7 31. Rxb7 h6 32. h4 Ra8 33. g5
hxg5 34. hxg5 fxg5 35. Rb5 Kh7 36. Rxe5 Kg6 37. Re6+ Kf5 38. Rb6 a4 39. Rb5+
Kf6 40. e4 a3 41. bxa3 Rxa3 42. Rf5+ Kg6 43. f3 Ra4 44. Kg3 Ra2 45. Rb5 Re2 46.
Ra5 Kf6 47. Ra6+ Kf7 48. Kg4 Re3 49. Ra5 g6 50. Rxg5 Kf6 51. Ra5 Re1 52. Ra6+
Kf7 53. Kf4 Rf1 54. Ra7+ Ke6 55. Ra3 Kf6 56. e5+ Ke6 57. Ra6+ Kf7 58. Rf6+ Kg7
59. Ke4 Ra1 60. Rd6 Kf7 61. f4 Ra5 62. Rd7+ Ke6 63. Rg7 Ra4+ 64. Kf3 1-0